Lima tjerita / (Record no. 68059)

MARC details
000 -LEADER
fixed length control field 00723cam a22002291a 4500
001 - CONTROL NUMBER
control field sa 66001907
003 - CONTROL NUMBER IDENTIFIER
control field DLC
005 - DATE AND TIME OF LATEST TRANSACTION
control field 20260227112225.0
008 - FIXED-LENGTH DATA ELEMENTS--GENERAL INFORMATION
fixed length control field 890103s1962 io a 000 1 ind
010 ## - LIBRARY OF CONGRESS CONTROL NUMBER
LC control number sa 66001907
025 ## - OVERSEAS ACQUISITION NUMBER
Overseas acquisition number PL480:Indo-2225
035 ## - SYSTEM CONTROL NUMBER
System control number (OCoLC)18958769
040 ## - CATALOGING SOURCE
Original cataloging agency DLC
Transcribing agency OAU
Modifying agency WU
-- DLC
042 ## - AUTHENTICATION CODE
Authentication code premarc
050 00 - LIBRARY OF CONGRESS CALL NUMBER
Classification number PL5089.M27
Item number L5
100 1# - MAIN ENTRY--PERSONAL NAME
Personal name Madjolelo, Junus Sutan.
245 10 - TITLE STATEMENT
Title Lima tjerita /
Statement of responsibility, etc. [oleh] Junus St. Madjolelo.
260 ## - PUBLICATION, DISTRIBUTION, ETC.
Place of publication, distribution, etc. Bukittinggi :
Name of publisher, distributor, etc. N.V. Nusantara,
Date of publication, distribution, etc. 1962.
300 ## - PHYSICAL DESCRIPTION
Extent 52 p. :
Other physical details ill. ;
Dimensions 18 cm.
505 0# - FORMATTED CONTENTS NOTE
Formatted contents note Tuanku Keramat. -- Dua orang penipu. -- Dua saudara. -- Si Rahmat jang beruntung. -- Bertolong-tolongan.
650 #0 - SUBJECT ADDED ENTRY--TOPICAL TERM
Topical term or geographic name entry element Children's stories, Indonesian.

No items available.

Powered by Koha